000 00495nam a2200157Ia 4500
003 IQ-KOUCL
041 _aKurdish
082 _a491,3 cut-924 ع
100 _a20260118u\\\\\\\\\\\y0engy0103\\\\ba
100 _aد.نەجاتى عەبدوڵڵا
245 0 _aفەرهەنگى قانوونى دەستوورى - عەرەبى - فەرەنسى - کوردى
250 _aچ1
260 _bچاپخانەیى زانکۆى سەلاحەددین
_aهەولێر
_c2023
300 _a128
942 _cBk
999 _c187378
_d187378